000 00291nam a2200097Ia 4500
001 1226157
005 20250827092959.0
008 250824s9999 xx 000 0 und d
245 0 _aDR. TATLICAN VE PATLICAN ORDUSUNA KARŞI
_cJOSH LEWIS
260 _bALTIN KİTAPLAR YAYINLARI
999 _c1226157
_d1226157